• 首页
  • 本馆介绍
  • 公告通知
  • 最新文献
  • 馆藏检索
  • 电子资源
  • 读者荐购
  • 参考咨询
  • CALIS
  • 我的图书馆
  • 登录
  • 详细信息显示
  • 放入我的书架
  • 预约/预借图书
  • 作者相关作品
  • 分类相关作品
  • 丛书相关作品
  • 出版社相关作品

书目信息

  • 表格格式
  • 工作单格式
  • 卡片格式
题名:
微生物学实验指导
    
 
作者: 黄秀梨 主编
分册:  
出版信息: 北京   高等教育出版社  2008.01
页数: 160页
开本: 20cm
丛书名:
单 册:
中图分类: Q93-33
科图分类:
主题词: 微生物--研究 , 微生物--实验
电子资源:
ISBN: 978-7-04-021968-5
 
 
 
 
 
000 00680nam0 2200241 45
001 0940238875
005 20091107111240.89
010    @a978-7-04-021968-5@dCNY17.00
100    @a20090515d2008 ekmy0 y0120 ea
102    @aCN@b130000
102    @aCN@b110000
105    @ay z 000yy
200 1  @a微生物学实验指导@Awei sheng wu xue shi yan zhi dao@f黄秀梨等主编@Fhuang xiu li deng zhu bian
205    @a2版
210    @a北京@c高等教育出版社@d2008.01
215    @a160页@d20cm
606 0  @a微生物@x研究
606 0  @a微生物@x实验
690    @aQ93-33@v4
701  0 @a黄秀梨@Ahuang xiu li@4主编
801  0 @aCN@c20091107
905    @a10447@dQ93-33@eH900
906    @d17@n1@r1
    
    微生物学实验指导/黄秀梨等主编.-2版.-北京:高等教育出版社,2008.01
    160页;20cm
    
    
    ISBN 978-7-04-021968-5:CNY17.00
    
●
相关链接 在E读中查询图书 在当当中查询图书 在豆瓣中查询图书


正题名:微生物学实验指导     索取号:Q93-33/H900         预约/预借

序号 登录号 条形码 馆藏地/架位号 状态 备注
1 896622   208966225   自科库401/401自科库 33排3列2层/ [索取号:Q93-33/H900] 在馆    
河南城建学院图书馆 欢迎您!
大连网信软件有限公司© 版权所有